| 000 | 01027nam a22002537a 4500 | ||
|---|---|---|---|
| 999 |
_c4422 _d4422 |
||
| 003 | AR-CdUCM | ||
| 008 | 190308b ||||| |||| 00| 0 spa d | ||
| 040 |
_aMUNICIPALIDAD PROVINCIAL DEL CUSCO _cBIBLIOTECA MUNICIPAL DEL CUSCO |
||
| 041 | _hrus | ||
| 082 |
_a745.2 / _bP74 |
||
| 100 |
_aPokrovskaia, A. _913932 |
||
| 245 |
_aDibujo Industrial : _bAlbum de Dibujos con Descripciones Breves |
||
| 260 |
_aMoscú : _bMir ; _c1972. |
||
| 300 |
_a159 páginas ; _bGráficos, planos , cuadros _c27cm |
||
| 505 | _aContenido: El dibujo industrial es el lenguaje de la técnica -- Proyecciones axonométricas -- Acotaciones en los dibujos industriales -- Dibujos de ejecución y croquis de las piezas-- Ejecución y lectura de los dibujos de montaje... | ||
| 650 |
_aIndustrial _911684 |
||
| 650 |
_aDibujo técnico _913933 |
||
| 650 |
_aPiezas _913934 |
||
| 650 |
_aEngranajes _913935 |
||
| 650 |
_aLenguaje de la técnica _913936 |
||
| 700 |
_aPuig Torres, José (traducción) _913937 |
||
| 942 |
_2ddc _cLIBROS |
||
| 945 | _anom | ||